000 00349nam a22001217a 4500
020 _a9783639243222
082 _a620
_bYIL
100 _aYildirim, Ali Galip
_9110971
245 _aGuidance Control of a Missile with Noisy Inertial Sensors /
_cAli Galip Yildirim,
260 _aUSA ;
_bVDM,
_c2010.
300 _a152p. ;
_bPaperback,
942 _2ddc
_cBK
999 _c593993
_d593993